Randomized flags - Statistics

General Stats
  • This quiz has been taken 162 times
  • The average score is 16 of 20
Answer Stats
Picture Answer % Correct
Albania
100%
Algeria
100%
Argentina
100%
Australia
100%
Austria
100%
Azerbaijan
100%
Bahamas
100%
Bangladesh
100%
Belarus
100%
Belgium
100%
Bosnia & Herzegovina
100%
Brazil
100%
Brunei
100%
Canada
100%
Chad
100%
China
100%
Colombia
100%
Croatia
100%
Cuba
100%
Czech Republic
100%
Ecuador
100%
Egypt
100%
Equatorial Guinea
100%
Eritrea
100%
Ethiopia
100%
Finland
100%
Gambia
100%
Germany
100%
Greece
100%
Grenada
100%
Guatemala
100%
Guinea-Bissau
100%
Haiti
100%
Iceland
100%
India
100%
Ireland
100%
Israel
100%
Italy
100%
Jamaica
100%
Japan
100%
Kenya
100%
Kuwait
100%
Lebanon
100%
Lesotho
100%
Liberia
100%
Liechtenstein
100%
Lithuania
100%
Malaysia
100%
Marshall Islands
100%
Mexico
100%
Moldova
100%
Monaco
100%
Mongolia
100%
Montenegro
100%
Morocco
100%
Nepal
100%
New Zealand
100%
Nicaragua
100%
North Korea
100%
North Macedonia
100%
Norway
100%
Pakistan
100%
Panama
100%
Paraguay
100%
Philippines
100%
Poland
100%
Portugal
100%
Romania
100%
Russia
100%
San Marino
100%
Serbia
100%
Singapore
100%
Slovakia
100%
Slovenia
100%
Solomon Islands
100%
South Africa
100%
South Korea
100%
Spain
100%
Suriname
100%
Sweden
100%
Syria
100%
Tanzania
100%
Thailand
100%
Trinidad & Tobago
100%
Tunisia
100%
Turkmenistan
100%
Uganda
100%
Ukraine
100%
United States
100%
Uruguay
100%
Turkey
92%
Mozambique
90%
Fiji
88%
Indonesia
88%
Ivory Coast
88%
Qatar
88%
United Arab Emirates
88%
Vietnam
88%
Angola
86%
Antigua and Barbuda
86%
Estonia
86%
Honduras
86%
Kyrgyzstan
86%
Papua New Guinea
86%
Senegal
86%
St. Vincent and the Grenadines
86%
Barbados
83%
Cyprus
83%
Denmark
83%
Gabon
83%
Iraq
83%
Jordan
83%
Laos
83%
Saudi Arabia
83%
Venezuela
83%
Bhutan
80%
Bulgaria
80%
Cambodia
80%
F.S. of Micronesia
80%
Iran
80%
Kazakhstan
80%
Mauritania
80%
Nigeria
80%
Sierra Leone
80%
Sri Lanka
80%
Uzbekistan
80%
Botswana
75%
Cape Verde
75%
Costa Rica
75%
Dominican Republic
75%
Kosovo
75%
Libya
75%
Myanmar
75%
Tuvalu
75%
Zimbabwe
75%
Bahrain
71%
Benin
71%
Burkina Faso
71%
Samoa
71%
Andorra
67%
Armenia
67%
Georgia
67%
Ghana
67%
Hungary
67%
Malawi
67%
Palau
67%
Seychelles
67%
Somalia
67%
Tajikistan
67%
Burundi
60%
Central African Republic
60%
St. Lucia
60%
Taiwan
60%
Togo
60%
Zambia
60%
Chile
57%
Luxembourg
57%
South Sudan
57%
Afghanistan
50%
Bolivia
50%
Cameroon
50%
D.R. Congo
50%
El Salvador
50%
Eswatini
50%
Guinea
50%
Kiribati
50%
Latvia
50%
Mali
50%
Malta
50%
Mauritius
50%
Namibia
50%
Netherlands
50%
Niger
50%
Oman
50%
Peru
50%
Rep. of the Congo
50%
Rwanda
50%
Tonga
50%
Vanuatu
50%
Vatican City
50%
Guyana
43%
Sudan
43%
Djibouti
33%
Maldives
33%
United Kingdom
33%
Dominica
25%
East Timor
25%
Madagascar
25%
St. Kitts & Nevis
25%
Yemen
25%
Sao Tome & Principe
20%
Comoros
17%
Belize
0%
France
0%
Nauru
0%
Switzerland
0%
No matching quizzes found
Score Distribution
Percent of People with Each Score
Percentile by Number Answered
Your Score History
You have not taken this quiz